000 00627nam a22001577a 4500
003 OSt
005 20151209153401.0
008 151209b xxu||||| |||| 00| 0 eng d
040 _cRUA
082 _aATM LOR 2009 B196 Or.1
100 _94607
_aLORN, VICHEKA.
245 _aThe working classes of silk weaving in kosdach commune mukapoul district kandal province, សិប្បកម្មដំម្បាញសូត្រនៅឃុំកោះដាច់ស្រុកមុខកំពូល ខេត្តកណ្ដាល
260 _aPhnom Penh
_bRUA
_c2008
300 _aix; 54p.
_bill.
_c29cm.
942 _2ddc
_cATM
999 _c4291
_d4291